| 000 | 00930cam a2200205 4500 | ||
|---|---|---|---|
| 001 | WB3645-11 | ||
| 008 | 000000n2000 000 0 eng u | ||
| 035 | _a(Sirsi) u109324 | ||
| 245 | _aPrice of expert witnesses getting higher | ||
| 260 | _c2000 | ||
| 490 |
_aFinancial Times _v 13 November 2000, 18(1) |
||
| 520 | _aOutlines discussion at the annual expert witness conference . The Woolf reforms are cutting the number of trials, but this is counterbalanced by experts doing more work early on to allow the option of early settlement. In 1999 Bond Solon's survey of expert witnesses revealed 14% charged more than £150 an hour, compared with 8% in 1997. | ||
| 590 | _aWB | ||
| 650 | _aEXPERT WITNESSES | ||
| 650 | _aWOOLF REFORMS | ||
| 650 | _aFEES | ||
| 650 | _aCONDITIONAL FEES | ||
| 690 | _aMANAGEMENT-DISPUTE AVOIDANCE, MANAGEMENT AND RESOLUTION-DISPUTE MANAGEMENT AND RESOLUTION-EXPERT WITNESSES | ||
| 942 | _n0 | ||
| 999 |
_c65252 _d65252 |
||